000 002570000a22000970004500
100 1 _aJaramillo Cárdenas, Luciano
245 1 0 _aJesús el perfecto ejecutivo
300 _aVol. 2, Núm 7 (1997), Páginas 18-19
773 0 _tImpacto Presbiteriano
942 _cANA
999 _c51050
_d51050